000 01376nam0a2200349 4500
001 RU\NLR\bibl\313221
005 20250621141027.0
010 _a5-89135-218-4
021 _aRU
_b2002-29532
_91472
035 _a(NLR Aleph) 000308326
090 _a26094
_c26094
100 _a20020925d2002 |||y0rusy50 ca
101 0 _arus
102 _aRU
105 _ay |||||||||
200 1 _aБухгалтерский учет-2002
_eЕжегод. кн. по бухгалт. учету в учреждениях здравоохранения
_f[Гл. ред. И.С. Мыльникова]
210 _aМ.
_cГрантъ
_d2002
215 _a376 с.
_d29
606 0 _aМедицинские учреждения
_xБухгалтерский учет
_yРоссийская Федерация
_92191700
_3RU\NLR\auth\661317454
610 0 _aБухгалтерский учет в здравоохранении
610 0 _aЗдравоохранение, учреждения - Учет и отчетность
675 _a657.1:61
_v3
_zrus
686 _a06.75
_2rugasnti
686 _a65.052
_2rubbk
686 _aУ052.9(2)247.46
702 1 _aМыльникова
_bИ. С.
_gИрина Сергеевна
_4340
801 0 _aRU
_bRKP
_c20020925
_gPSBO
801 1 _aRU
_bRKP
_c20020925
801 2 _aRU
_bNLR
_c20021025
_grcr
942 _cBOOK
980 _aNB